| 000 | 00754cab a2200229 4500 | ||
|---|---|---|---|
| 001 | WB3345-39 | ||
| 008 | 090401t1997 xxu||||| |||| 00| 0 eng d | ||
| 035 | _a(Sirsi) u82243 | ||
| 041 | _aeng | ||
| 245 | _aTest for occupation | ||
| 260 | _c1997 | ||
| 350 | _a0 | ||
| 490 |
_aTimes _v20 November 1997, 42(1) |
||
| 520 | _a"Ujima Housing Association v Ansah" CA 17 October 1997. An assured tenant who sublets the premises fails to show that he occupies the property as his only or principle home. | ||
| 650 | _aASSURED TENANCIES | ||
| 650 | _aHOUSING ACT 1988 S1(1) | ||
| 650 | _aSUBLEASES | ||
| 650 | _aUJIMA HOUSING ASSOCIATION V ANSAH | ||
| 690 | _aLANDLORD AND TENANT-CASE LAW-RESIDENTIAL TENANCIES | ||
| 942 | _n0 | ||
| 948 | _c20/11/1997 | ||
| 999 |
_c51895 _d51895 |
||